| 000 | 02114nab a2200301 i 4500 | ||
|---|---|---|---|
| 003 | BR-BrBNA | ||
| 005 | 20260326162833.0 | ||
| 008 | 260326b2019 bl.qr|pooa||| 00| 0 eng | | ||
| 040 |
_aBR-BrBNA _beng |
||
| 072 | _aK10 | ||
| 072 | _aF03 | ||
| 100 | _aPiaia, Bruna Balestrin | ||
| 100 | _aRovedder, Ana Paula Moreira | ||
| 100 | _aPiazza, Eliara Marin | ||
| 100 | _aStefanello, Maureen de Moraes | ||
| 100 | _aFelker, Roselene Marostega | ||
| 100 | _aCosta, Emanuel Arnoni | ||
| 245 | _aFloristic Composition Analysis of Soil Transposition in a Seasonal Forest in Rio Grande do Sul, Brazil | ||
| 500 | _aPublicação on-line; 41 ref.; 3 tables; 1 illus.; Summary (En) | ||
| 520 | _a ABSTRACT This study aimed to identify the floristic composition and density of a seed bank transposed from a Seasonal Forest fragment in Rio Grande do Sul. The seed bank of the (BSI) fragment center and edge (BSII) of another forest fragment was also evaluated, both at medium to advanced successional stages. The seed bank was deposited in Brown-Gray Argisol and Red Argisol using exposed soil plots as control. ANOVA followed by Tukey test (p<0.05) were used to compare treatments for density and species richness. The density of individuals did not differ between treatments. Species richness was higher for BSI and BSII treatments in relation to control. The floristic composition presented different life forms, but was mainly composed of herbaceous species. It was concluded that the seed bank from the two donor areas contributed to the expansion of species richness in two soil types. Keywords: degraded areas, nucleation, seed bank transposition. | ||
| 650 | _aNUCLEAÇÃO | ||
| 650 | _aSEMENTE | ||
| 650 | _aCOMPOSIÇÃO BOTÂNICA | ||
| 773 | 0 |
_02929 _9347951 _dRio de Janeiro-RJ Instituto de Florestas - UFRRJ 1994 _o2025-0450 _tFloresta e Ambiente (Brazil) _x1415-0980 / ISSN 2179-8087 0nline _gv. 26(2) p. 1-10; (2019) _wBR2026000298 |
|
| 856 | _uhttps://www.scielo.br/j/floram/a/S5syQ3MWPhJX9ZwVXjqNrYN/?format=pdf&lang=en | ||
| 942 | _cANA | ||
| 999 |
_c341069 _d341069 |
||